ბათუმის შოთა რუსთაველის სახელმწიფო უნივერსიტეტის ბიბლიოთეკა

Геммы античного мира / (ბიბ.ჩანაწერი № 60942)

000 -LEADER
fixed length control field 00968nam a22002057a 4500
005 - DATE AND TIME OF LATEST TRANSACTION
control field 20231127113758.0
008 - FIXED-LENGTH DATA ELEMENTS--GENERAL INFORMATION
fixed length control field 231127s1983 ru ||||| |||| 00| 0 rus d
041 ## - LANGUAGE CODE
Language code of text/sound track or separate title rus
080 ## - UNIVERSAL DECIMAL CLASSIFICATION NUMBER
Universal Decimal Classification number 736.22(3) H-40
100 ## - MAIN ENTRY--PERSONAL NAME
Personal name Неверов, О.Я.
9 (RLIN) 20485
245 ## - TITLE STATEMENT
Title Геммы античного мира /
Statement of responsibility, etc. О.Я. Неверов; Ответственный редактор Н.А. Сидорова; Академия наук СССР.
264 ## - PRODUCTION, PUBLICATION, DISTRIBUTION, MANUFACTURE, AND COPYRIGHT NOTICE
Place of production, publication, distribution, manufacture Москва :
Name of producer, publisher, distributor, manufacturer Наука,
Date of production, publication, distribution, manufacture, or copyright notice 1983.
300 ## - PHYSICAL DESCRIPTION
Extent 144 с.:
Other physical details ил. ;
Dimensions 20 см.
440 ## - SERIES STATEMENT/ADDED ENTRY--TITLE
Title Серия "Из истории мировой культуры"
9 (RLIN) 20486
521 ## - TARGET AUDIENCE NOTE
Target audience note ბიბლიოგრფია თავების ბოლოს და გვ. 143.
653 ## - INDEX TERM--UNCONTROLLED
keyword ანტიკური გემმები
700 ## - ADDED ENTRY--PERSONAL NAME
Personal name Сидорова, Н.А.
Relator term Ответственный редактор
9 (RLIN) 20090
710 ## - ADDED ENTRY--CORPORATE NAME
Corporate name or jurisdiction name as entry element Академия наук СССР.
9 (RLIN) 20487
942 ## - ADDED ENTRY ELEMENTS (KOHA)
Source of classification or shelving scheme
Koha item type წიგნი
ეგზემპლარები
Withdrawn status Lost status Source of classification or shelving scheme Damaged status Not for loan Permanent Location Current Location Shelving location Date acquired Cost, normal purchase price Full call number Barcode Date last seen Copy number Uniform Resource Identifier Price effective from Koha item type Public note
          ბათუმის შოთა რუსთაველის სახელმწიფო უნივერსიტეტის მთავარი ბიბლიოთეკა ბათუმის შოთა რუსთაველის სახელმწიფო უნივერსიტეტის მთავარი ბიბლიოთეკა წიგნსაცავი 2023-11-27 6.00 736.22(3) H-40 65477 2023-11-27 65477 ბსუ-ს საპატიო დოქტორის გურამ ლორთქიფანიძის საჩუქარი 2023-11-27 წიგნი 6 ლ.
          ბათუმის შოთა რუსთაველის სახელმწიფო უნივერსიტეტის მთავარი ბიბლიოთეკა ბათუმის შოთა რუსთაველის სახელმწიფო უნივერსიტეტის მთავარი ბიბლიოთეკა წიგნსაცავი 2023-12-26 4.00 736.22(3) H-40 65684 2023-12-26 65684 ბსუ-ს საპატიო დოქტორის გურამ ლორთქიფანიძის საჩუქარი 2023-12-26 წიგნი 4 ლ.